Modrý Kameň expozícia zubnej techniky a zubného lekárstva

Bibliographic Details
Corporate Author: Vlastivedné múzeum (Modrý Kameň, Slovensko) (Author)
Other Authors: Benková, V. (Photographer)
Format: Image
Language:Slovak
PhysicalDescription:1 pohľadnica (4 čiastk. pohľady) 11x15 cm
Published: Bratislava AVE-knižné aktivity 1996
Subjects:

MARC

LEADER 00000nkm a2200000 a 4500
001 vtls001219455
003 SK-MaSNL
005 20260301154454.0
008 231206s1995 xo 0k slo
015 |a SNBG1996/0201154 
035 |a SNK000163684 
040 |a SNK  |b slo  |c SNK  |e AACR2 
041 0 |a slo 
044 |a xo  |c SK 
080 |a 908.437.649:069.6.02:628(084.121)  |2 1. stred slo 
080 |a 069.6.02:628  |2 1981 
110 0 |a Vlastivedné múzeum (Modrý Kameň, Slovensko)  |4 aut  |9 33478 
245 1 |a Modrý Kameň  |h grafika  |b expozícia zubnej techniky a zubného lekárstva 
260 |a Bratislava  |b AVE-knižné aktivity  |c 1996 
300 |a 1 pohľadnica (4 čiastk. pohľady)  |c 11x15 cm 
610 2 7 |a Vlastivedné múzeum (Modrý Kameň, Slovensko)  |2 SNK  |9 33478 
651 7 |a 5310  |2 SNK  |9 278057 
655 7 |a geografické pohľadnice  |2 SNK  |9 70522 
700 1 |a Benková, V.  |4 pht  |9 42835 
958 |a GC 
958 |a GBN 
958 |a TL 
999 |c 796992  |d 798922 
952 |t P60, <03>, [BOOK], {603}  |a SNK  |b SNK  |y PREZ  |7 0  |o snkSP 147648  |i snkPV 70/96  |0 0  |1 0  |4 0  |d 1996-09-12  |l 0  |r 2005-01-01 00:00:00  |w 2026-02-24 
952 |t P60, <04>, [BOOK], {604}  |a SNK  |b SNK  |y PREZ  |7 0  |o snkSP 147648 D1  |i snkPV 71/96  |0 0  |1 0  |4 0  |d 1996-09-12  |l 0  |r 2005-01-01 00:00:00  |w 2026-02-24